| 000 | 00882nam a2200229Ii 4500 | ||
|---|---|---|---|
| 003 | JO-AjNU | ||
| 008 | 230605s9999||||xx |||||||||||||| ||und|| | ||
| 017 | _a2012/4435 | ||
| 020 | _a977-5677-74-2 | ||
| 040 |
_aJO-AjNU _bara _erda _cJO-AjNU |
||
| 041 | _aara | ||
| 050 | 1 | 4 | _aHV568 2012 |
| 100 | 3 |
_aاللجنة الدولية للصليب الأحمر, _eauthor _947328 |
|
| 245 | 0 | 0 | _aدراسة عن استخدام الشارات: مسائل تشغيلية وتجارية ومسائل أخرى غير تشغيلية |
| 250 | _aالطبعة العربية الاولى | ||
| 264 | 3 | 1 | _aالقاهرة: اللجنة الدولية للصليب الاحمر، 2012 |
| 300 | _a300ص | ||
| 336 |
_atext _btxt _2rdacontent |
||
| 337 |
_aunmediated _bn _2rdamedia |
||
| 338 |
_avolume _bnc _2rdacarrier |
||
| 650 | 4 |
_aاستخدام الشارات - الصليب احمر _947329 |
|
| 999 |
_aA20652 _c24220 _d24220 |
||